000 00524nam a2200181Ia 4500
003 GCL
008 140319s9999 xx 000 0 eng d
040 _aGCL /
_cGCL
082 0 4 _a011.02
_bf h
100 1 _aFERRO, FRANK
245 1 0 _aHOW TO USE THE IBRARY: A REFERNCE AND ASSIGNENT GUIDE FOR STUDENTS /
_cFERRO, FRANK
700 1 _aLUSHINGTON, NOLAN
260 _a[S.N] :
_bGREENWOOD PRESS PUBLISHERS ،
_c1998
300 _a324 P
650 0 4 _aREFERENCES - U.S
650 0 4 _aLIBRARY RESEARCH - U.S
942 _2ddc
_cBK
999 _c16444
_d16444